| 000 | 02109nam a22002177a 4500 | ||
|---|---|---|---|
| 001 | 8223 | ||
| 003 | FISKH | ||
| 005 | 20251016151650.0 | ||
| 008 | 250903b cb ||||| |||| 00| 0 eng d | ||
| 020 | _a9789995001667 | ||
| 040 |
_aFISKH _bkhmr _cFISKH _dFISKH |
||
| 082 | _a495.91 | ||
| 100 | _aVibol, Ouk | ||
| 245 |
_aវចនានុក្រមរួបភាព : _bPicture Dictionary / |
||
| 260 |
_aPhnom Penh : _bMisnistry of Youth and Sport, _c2014. |
||
| 300 |
_a64 pages : _bcolor illustrations ; _c30 cm |
||
| 520 | _aសៀវភៅនេះគឺជាវចនានុក្រមរូបភាព ដែលជួយឲ្យអ្នកសិក្សា ពិសេសសិស្សក្មេង បង្កើនសមត្ថភាពពាក្យសព្ទតាមរូបភាព។ រាល់ទំព័រតភ្ជាប់ពាក្យជាមួយរូបភាពច្បាស់លាស់ ធ្វើឲ្យយល់ និងចងចាំអត្ថន័យបានងាយស្រួល។ សៀវភៅគ្របដណ្តប់អំពីវត្ថុ ការប្រព្រឹត្ត និងគំនិតទូទៅក្នុងជីវិតប្រចាំថ្ងៃ ត្រូវបានរៀបចំយ៉ាងសាមញ្ញ និងមានរបៀបប្រើប្រាស់ងាយស្រួលសម្រាប់អ្នករៀនភាសា និងការបង្រៀននៅថ្នាក់។ | ||
| 520 | _aThis book is a picture dictionary designed to help learners, especially young students, expand their vocabulary in a visual and engaging way. Each page pairs words with clear illustrations, making it easier to understand and remember the meanings. It covers common objects, actions, and concepts from daily life, organized in a simple and systematic way. The book supports language learning by combining visual cues with text, making it suitable for early readers, language learners, and classroom use. | ||
| 942 |
_2ddc _cKHB _n0 |
||
| 999 |
_c8223 _d8223 |
||